Films and TV Shows by Stars #2 - Statistics

General Stats
  • This quiz has been taken 25 times
    22 since last reset
  • The average score is 7 of 15
Answer Stats
Stars Films and TV Shows % Correct
John Krasinski and Steve Carell The Office
90%
Kristen Stewart and Robert Pattinson Twilight
85%
Jane Lynch and Lea Michele Glee
75%
Clint Eastwood and Hillary Swank Million Dollar Baby
70%
Amy Poelher and Nick Offerman Parks and Recreation
70%
Tom Hanks and Meg Ryan You've Got Mail
55%
Leonardo DiCaprio and Mark Ruffalo Shutter Island
50%
Joaquim Phoenix and Robert DeNiro Joker
45%
Kristen Bell and Jason Dohring Veronica Mars
30%
Al Pacino and Robert DeNiro The Irishman
25%
Sally Hawkins and Michael Shannon The Shape of Water
20%
Adam Sandler and Julie Bowen Hubie Halloween
15%
Seth Rogen and Reese Witherspoon Monsters Vs Aliens
10%
Renee Zellweger and Finn Wittrock Judy
5%
Daniel Craig and Eric Bana Munich
5%
No matching quizzes found
Score Distribution
Percent of People with Each Score
Percentile by Number Answered
Your Score History
You have not taken this quiz since the last reset